| 000 | 00359nam a22001577a 4500 | ||
|---|---|---|---|
| 003 | SGT | ||
| 020 | _a 978-9350909522 | ||
| 082 |
_a617.6342 _bE14G |
||
| 100 | _aGARG NISHA | ||
| 245 | _aTEXTBOOK OF ENDODONTICS | ||
| 250 | _a3rd | ||
| 260 |
_aDELHI INDIA _bJAYPEE PUBLISHER _c2014 |
||
| 300 | _a1-600 | ||
| 650 | _aENDODONTICS | ||
| 942 |
_2ddc _cBK _021 |
||
| 999 |
_c21833 _d21833 |
||